Borders: Low vs. High Deaths from HIV - Statistics

General Stats
  • This quiz has been taken 32 times
  • The average score is 20 of 22
Answer Stats
Country % Correct
Angola
100%
Botswana
100%
South Africa
100%
Zimbabwe
100%
D.R. Congo
96%
Malawi
96%
Mozambique
96%
Namibia
96%
R. Congo
96%
Sudan
96%
Central African Republic
93%
Kenya
93%
South Sudan
93%
Tanzania
93%
Zambia
93%
Chad
89%
Gabon
89%
Somalia
89%
Equatorial Guinea
85%
Ethiopia
85%
Niger
85%
Nigeria
85%
No matching quizzes found
Score Distribution
Percent of People with Each Score
Percentile by Number Answered
Your Score History
You have not taken this quiz